000
00325nam a2200133Ia 4500
100
_a
Juran/ J.M./ Gryna/F.M jr
942
_c
BK
654
_a
Quality Planning And Analysis
245
_a
Quality planning and analysis
260
_b
Tata McGraw Hill
_a
New Delhi
_c
1985
082
_a
658.5
300
_a
629
546
_a
ENGLISH
999
_c
26352
_d
26352